00439 a2200169 450000100060000002000150000604000240002110000150004524000210006024500160008130000070009736200060010465000310011094200070014195201040014899900170025269766 a8585885882 cAnchieta - Itaigara aHeck, Egon10aAntártidalpor10aAntártida a120 a0 4aLiteratura infanto-juvenil cBK 00104070a88.1b88.1d2023-11-21l0o028.5 HEC ANTp2466/ITAr2023-11-21 20:04:28w2023-11-21yBK c69766d69766